000 00664nam a2200217Ia 4500
003 GCL
008 140319s9999 xx 000 0 ara d
040 _aGCL /
_cGCL
082 0 4 _a301.2
_bا س
100 1 _aالطاهر لبيب
245 1 0 _aسوسيولوجيا الثقافة /
_cالطاهر لبيب
260 _a[S.N] :
_bمعهد البحوث والدراسات العربية
300 _a99 ص
490 _aالدراسات الخاصة
_v0
650 0 4 _aالمجتمع
650 0 4 _aالثقافة
650 0 4 _aالاجتماع
650 0 4 _aالانثربولوجيا
650 0 4 _aالطبقات الاجتماعية
942 _2ddc
_cBK
999 _c30661
_d30661